Your successful project management career (Record no. 4085)
[ view plain ]
| 000 -LEADER | |
|---|---|
| fixed length control field | 00424 a2200157 4500 |
| 000 - LEADER | |
| fixed length control field | BKB |
| 001 - CONTROL NUMBER | |
| control field | 070654 |
| 005 - DATE AND TIME OF LATEST TRANSACTION | |
| control field | 20200902150849.0 |
| 008 - FIXED-LENGTH DATA ELEMENTS--GENERAL INFORMATION | |
| fixed length control field | |
| 082 ## - DEWEY DECIMAL CLASSIFICATION NUMBER | |
| Classification number | 658.404 |
| Item number | C11Y |
| 100 1# - MAIN ENTRY--PERSONAL NAME | |
| Personal name | Ronald, B. Cagle |
| 245 1# - TITLE STATEMENT | |
| Title | Your successful project management career |
| Statement of responsibility, etc | by B. Cagle Ronald |
| 260 ## - PUBLICATION, DISTRIBUTION, ETC. (IMPRINT) | |
| Place of publication, distribution, etc | New York |
| Name of publisher, distributor, etc | AMACOM |
| Date of publication, distribution, etc | 2005 |
| 300 ## - PHYSICAL DESCRIPTION | |
| Extent | 208p. |
| 690 ## - LOCAL SUBJECT ADDED ENTRY--TOPICAL TERM (OCLC, RLIN) | |
| Topical term or geographic name as entry element | Project management |
| Withdrawn status | Lost status | Damaged status | Not for loan | Home library | Current library | Date acquired | Cost, normal purchase price | Total Checkouts | Full call number | Barcode | Date last seen | Date checked out | Price effective from | Koha item type |
|---|---|---|---|---|---|---|---|---|---|---|---|---|---|---|
| Central University Of Rajasthan | Central University Of Rajasthan | 07/03/2012 | 812.06 | 1 | 658.404 C11Y | 4941 | 21/11/2024 | 27/03/2024 | 02/09/2020 | Books |
